000 00574cam a22002053a 4500
001 36930
003 PGUSA
005 20140828083816.0
008 110801s2011||||xxu|||||s|||||000 | eng d
040 _aPGUSA
_beng
042 _adc
100 1 _aBensusan, S. L.
_q(Samuel Levy),
_d1872-1958
245 1 0 _aMurillo
_h[electronic resource] /
_cS. L. Bensusan
260 _bProject Gutenberg,
_c2011
506 _aPublic domain in the USA.
516 _aElectronic text
830 0 _aProject Gutenberg
_v36930
856 4 0 _uhttp://www.gutenberg.org/ebooks/36930
942 _cEB
999 _c266185
_d266185